000 01144nam a22002537a 4500
005 20170704153727.0
010 _a1516EN07 ENG-111225
020 _a9780199452774
_c995.00
035 _aEN-94757
035 _aB-604953-966
035 _aB-664594
037 _bBSB/ven
037 _bDBAD/PUB
082 _a371.1130954
245 _aIndia's skills challenge :
_cedited by Santosh Mehrotra
_breforming vocational education and training to harness the demographic dividend /
260 _aNew Delhi
_bOxford University Press
_c2014
270 _aYMCA Library building, 1 Jai Singh Road
_bNew Delhi
_e110001
300 _axxv, 297p.
_c23cm(Hb)
500 _aIncludes bibliographical references and index
700 _aMehrotra, Santosh
942 _2ddc
_cEN
_mIND
_h371.1130954
999 _c90032
_d90032